South Africa Map Quiz Stats

 Plays Quiz not verified by Sporcle

Also try: Layered USA
Challenge
Share
Tweet
Score 0/32 Timer 10:00
0 Plays Today
% Correct
Botswana
87.1%
Lesotho
86.6%
Zimbabwe
85.5%
Mozambique
84.9%
Swaziland
84.4%
Namibia
83.9%
South Africa
82.8%
Cape Town
82.3%
Johannesburg
77.4%
Zulu
75.8%
Pretoria
75.3%
Durban
72.6%
Port Elizabeth
72.6%
Kwazulu
71.5%
Northern Cape
71.5%
Western Cape
70.4%
% Correct
Eastern Cape
69.4%
East London
69.4%
Orange
69.4%
Xhosa
69.4%
Limpopo
68.3%
Free State
67.7%
Bloemfontein
67.7%
Tswana
65.6%
Northwest
64.5%
Gauteng
64.5%
Mpumalanga
63.4%
Kimberley
61.3%
Vaal
61.3%
Kei
56.5%
Fish
54.3%
Drakensberg Mountains
50.5%

You're not logged in!

Compare scores with friends on all Sporcle quizzes.
Join for Free
OR
Log In

You Might Also Like...

Show Comments

Extras

Created Sep 20, 2016ReportNominate
Tags:Africa Quiz, map, south, South Africa

Top Quizzes Today


Score Distribution

Your Account Isn't Verified!

In order to create a playlist on Sporcle, you need to verify the email address you used during registration. Go to your Sporcle Settings to finish the process.

Report this User

Report this user for behavior that violates our Community Guidelines.

Details: